Estudios de historia política y literaria
Saved in:
| Hovedforfatter: | |
|---|---|
| Format: | Bog |
| Sprog: | spansk |
| Udgivet: |
Santiago
Universidad de Chile
1945
|
| Fag: | |
| Tags: |
Tilføj Tag
Ingen Tags, Vær først til at tagge denne postø!
|
MARC
| LEADER | 00000nam a2200000 a 4500 | ||
|---|---|---|---|
| 001 | UCZ9492 | ||
| 003 | CL-VaPUC | ||
| 005 | 20220112104900.0 | ||
| 008 | 960308e19450000CL |||||||||||||||||spa|d | ||
| 999 | |c 244793 |d 244791 | ||
| 040 | |c Pontificia Universidad Católica de Valparaíso | ||
| 082 | 0 | 4 | |a 983 DON 1945 |2 21 |
| 100 | 0 | |a Donoso, Ricardo |e author |9 354506 | |
| 245 | 1 | 0 | |a Estudios de historia política y literaria |
| 260 | |a Santiago |b Universidad de Chile |c 1945 | ||
| 300 | |a 222 páginas | ||
| 583 | |a last modification |c 19960308 00:00:00 |k Rodrigo Vera | ||
| 600 | 0 | |a Carrera, José Miguel |9 316043 | |
| 600 | 0 | |a O'higgins Riquelme, Bernardo |9 317764 | |
| 650 | 0 | |a Historia |9 255047 | |
| 852 | |a BIBCUR | ||
| 942 | |c BK |2 ddc | ||
| 945 | |d 19960308 00:00:00 |a rleighto | ||
| 952 | |0 0 |1 0 |2 ddc |4 0 |6 983_000000000000000_DON_1945 |7 0 |8 X |9 258988 |a BIBHIS |b BIBHIS |d 2019-11-19 |i 3174166 |o 983 DON 1945 |p 3174166 |r 2024-01-30 |t 1 |w 2019-11-19 |y BK_X |k HIS | ||
| 952 | |0 0 |1 0 |2 ddc |4 0 |6 983_000000000000000_DON_1945 |7 0 |8 X |9 258989 |a BIBHIS |b BIBHIS |d 2019-11-19 |i 1250671 |o 983 DON 1945 |p 1250671 |r 2024-01-30 |t 2 |w 2019-11-19 |y BK_X |k HIS | ||